000 00760nam a2200253 a 4500
001 000003351
003 DO-SdBNP
005 20220429110114.0
007 ta
008 090708s2009 dr a 000 0 spa d
020 _a9789993425847
040 _aDO-SdBNP
_bspa
_cBNPHU
049 _aBNPD
082 4 _a612.015078
_bR696l
_222
100 1 _aRodríguez, Blanca
_910503
245 1 0 _aLaboratorio de bioquímica I :
_bmanual de prácticas /
_cBlanca Rodríguez.
250 _a2a. ed.
260 _aSanto Domingo :
_bInstituto Técnologico de Santo Domingo,
_c2009.
300 _a74 p. :
_bil. ;
_c28 cm.
504 _aBibliografía : p. 73-74
590 _aInventariado, 2022/BT
650 4 _aBioquimica
_vManuales de laboratorio
_910504
942 _2ddc
_cLBS1
999 _c3182
_d3182